000
00274nam a22001217a 4500
008
170324b xxu||||| |||| 00| 0 eng d
041
_a
eng
080
_2
2ED
_a
616.83
100
_a
8
101
_a
SHM
245
_a
EVALUATION PERMNENT IMPARMENT
_c
BEJLAN.J.R
942
_2
udc
_c
BK
999
_c
8629
_d
8629